Introduction Chemical Equipment Design (Record no. 194781)

MARC details
000 -LEADER
fixed length control field 00485nam a2200193Ia 4500
008 - FIXED-LENGTH DATA ELEMENTS--GENERAL INFORMATION
fixed length control field 240823s9999||||xx |||||||||||||| ||und||
020 ## - INTERNATIONAL STANDARD BOOK NUMBER
International Standard Book Number 51-239-0985-0
082 ## - DEWEY DECIMAL CLASSIFICATION NUMBER
-- 660.283 Q1
100 ## - MAIN ENTRY--PERSONAL NAME
Personal name BHATTACHARYYA B C
245 #0 - TITLE STATEMENT
Title Introduction Chemical Equipment Design
250 ## - EDITION STATEMENT
Edition statement 11th
260 ## - PUBLICATION, DISTRIBUTION, ETC. (IMPRINT)
Date of publication, distribution, etc 2011
Name of publisher, distributor, etc "CBS Publishers & Distributors,New "
500 ## - GENERAL NOTE
General note YES
650 ## - SUBJECT ADDED ENTRY--TOPICAL TERM
Topical term or geographic name as entry element Chemical
942 ## - ADDED ENTRY ELEMENTS (KOHA)
Item type Books
Holdings
Withdrawn status Lost status Damaged status Permanent location Current location Date acquired Source of acquisition Cost, normal purchase price Full call number Barcode Date last seen Koha item type
      CENTRAL LIBRARY, NOORUL ISLAM CENTRE FOR HIGHER EDUCATION CENTRAL LIBRARY, NOORUL ISLAM CENTRE FOR HIGHER EDUCATION 03/26/2013 Higginbothams Private Ltd 235.00 660.283 Q1 46566 08/23/2024 Books
Visitors:
Copyright © 2024 Central Library NICHE.  All rights reserved.